Informe 2011 amnistía internacional : (Registro nro. 6854)
[ vista simple ]
| 000 -LEADER | |
|---|---|
| fixed length control field | 00910nam a22001937a 4500 |
| 003 - CONTROL NUMBER IDENTIFIER | |
| control field | OSt |
| 005 - DATE AND TIME OF LATEST TRANSACTION | |
| control field | 20200916143656.0 |
| 008 - FIXED-LENGTH DATA ELEMENTS--GENERAL INFORMATION | |
| fixed length control field | 200916s2011 ck ao||gr|||| 00| 0 spa d |
| 020 ## - INTERNATIONAL STANDARD BOOK NUMBER | |
| International Standard Book Number | 9788496462304 |
| 040 ## - CATALOGING SOURCE | |
| Original cataloging agency | CO-JMCR |
| Transcribing agency | CO-JMCR |
| 041 1# - LANGUAGE CODE | |
| Language code of text/sound track or separate title | spa |
| Language code of original | eng |
| 082 04 - DEWEY DECIMAL CLASSIFICATION NUMBER | |
| Classification number | 341.48 / |
| Item number | A522i |
| Edition number | 23 |
| 110 2# - MAIN ENTRY--CORPORATE NAME | |
| Corporate name or jurisdiction name as entry element | Amnistía internacional |
| 9 (RLIN) | 10299 |
| 245 10 - TITLE STATEMENT | |
| Title | Informe 2011 amnistía internacional : |
| Remainder of title | el estado de los derechos humanos en el mundo / |
| Statement of responsibility, etc. | Amnistía internacional |
| 300 ## - PHYSICAL DESCRIPTION | |
| Extent | 491 páginas : |
| Other physical details | ilustraciones, fotografías a blanco y negro ; |
| Dimensions | 24 cm. |
| 505 0# - FORMATTED CONTENTS NOTE | |
| Formatted contents note | Perspectiva regional -- Países -- Selección de tratados internacionales y regionales de derechos humanos -- Contactar con Amnistía internacional |
| 520 ## - SUMMARY, ETC. | |
| Summary, etc. | En el año 2010, activistas y periodistas usaron las nuevas tecnologías para hacer campaña en favor de los derechos humanos de forma innovadora e imaginativa. |
| 942 ## - ADDED ENTRY ELEMENTS (KOHA) | |
| Source of classification or shelving scheme | Dewey Decimal Classification |
| Koha item type | Books |
| Withdrawn status | Lost status | Source of classification or shelving scheme | Damaged status | Not for loan | Home library | Current library | Shelving location | Date acquired | Source of acquisition | Total Checkouts | Full call number | Barcode | Date last seen | Copy number | Price effective from | Koha item type |
|---|---|---|---|---|---|---|---|---|---|---|---|---|---|---|---|---|
| Dewey Decimal Classification | Biblioteca Pública José María del Castillo y Rada | Biblioteca Pública José María del Castillo y Rada | General Stacks | 04/15/2018 | Donación | 341.48 / A522i | 201809801 | 05/16/2024 | Ej.1 | 04/15/2018 | Books |